Medidas provisionales en la Corte Interamericana de Derechos Humanos

Uloženo v:
Podrobná bibliografie
Hlavní autoři: Palma Ulloa, Francisco (autor), Nogueira Muñoz, Andrés (Autor)
Médium: Kniha
Jazyk:španělština
Vydáno: Santiago Librotecnia 2013
Témata:
Tagy: Přidat tag
Žádné tagy, Buďte první, kdo vytvoří štítek k tomuto záznamu!

MARC

LEADER 00000cam a2200000 a 4500
001 UCF7176
003 CL-VaPUC
008 130613e20130000CL |||||||||||||||||spa|d
020 |a 9789563270792 
082 0 4 |a 323.4  |b PAL  |2 21 
100 |a Palma Ulloa, Francisco  |e autor  |9 569182 
700 0 |a Nogueira Muñoz, Andrés  |e author  |9 569183 
245 1 0 |a Medidas provisionales en la Corte Interamericana de Derechos Humanos 
300 |a 317 p 
942 |c BK 
945 |d 20130613 00:00:00  |a dcastane 
260 |a Santiago  |b Librotecnia  |c 2013 
650 0 |a Derechos humanos  |9 223025 
650 0 |a Derecho internacional  |9 255637 
650 0 |a Responsabilidad penal  |9 254899 
583 |a last modification  |c 20130613 14:21:00  |k Rodrigo Vera 
999 |c 352095  |d 352093 
952 |0 0  |1 0  |4 0  |6 323_400000000000000_PAL_2013  |7 0  |8 A  |9 456634  |a BIBDER  |b BIBDER  |d 2019-11-22  |i 4978455  |o 323.4 PAL 2013  |p 4978455  |r 2023-01-25  |w 2019-11-22  |y BK  |k DER